| 000 | 00807cab a2200241 4500 | ||
|---|---|---|---|
| 001 | ABS49803 | ||
| 008 | 090401t1993 xxu||||| |||| 00| 0 eng d | ||
| 035 | _a(Sirsi) u72793 | ||
| 041 | _aeng | ||
| 100 | _aSands, D. | ||
| 245 | _aOffices to homes - a viable option? | ||
| 260 | _c1993 | ||
| 350 | _a0 | ||
| 490 |
_aEstates Gazette _v(9347) 27 November 1993, 59(1) |
||
| 520 | _aAttempts to quantify the extent of office conversion to residential use. Points out that successful schemes have prospered in areas where amenities and an infrastructure exist and that conversion must be appropriate to the intended user. | ||
| 650 | _aCLERKENWELL | ||
| 650 | _aCONVERSION | ||
| 650 | _aOFFICES | ||
| 650 | _aRESIDENTIAL USE | ||
| 690 | _aHOUSING-DEVELOPMENT | ||
| 942 | _n0 | ||
| 948 | _c04/03/1997 | ||
| 999 |
_c46007 _d46007 |
||